000 00605nam a2200229 a 4500
999 _c5589
_d5589
001 5589
003 BD-JhCC
005 20171221104536.0
008 171218s19581964e a|||| || | 00| 0 eng d
035 _a(BD-JhCC)5589
040 _aBD-JhCC
_dBD-JhCC
041 _aeng
082 _a910.091822
_bHER 1964
100 _aHerdman, T.
245 _aLongmans colour geographies Mediterranean Lands unit 17 /
_cT. Herdman, M. Sc.
250 _a4Th ed.
260 _aLondon :
_bLongmans,
_c1964.
300 _a40 p. :
_bill. ;
_c20 cm.
650 _aMediterranean Rigion
942 _2ddc
_cBK